Termodinámica de los Procesos Irreversibles / (Record no. 6829)

000 -CABECERA
fixed length control field 00930nam a22002177a 4500
003 - IDENTIFICADOR DEL NÚMERO DE CONTROL
control field AR-CdUCM
008 - DATOS DE LONGITUD FIJA--INFORMACIÓN GENERAL
fixed length control field 190319b ||||| |||| 00| 0 eng d
040 ## - FUENTE DE LA CATALOGACIÓN
Agencia/entidad que catalogó originalmente la obra MUNICIPALIDAD PROVINCIAL DEL CUSCO
Entidad que transcribió la catalogación BIBLIOTECA MUNICIPAL DEL CUSCO
082 ## - NÚMERO DE LA CLASIFICACIÓN DECIMAL DEWEY
No. de Clasificación 539 /
Notacion interna G82
100 ## - ENTRADA PRINCIPAL--NOMBRE DE PERSONA
Nombre Personal Groot, S. R. de
245 ## - MENCIÓN DE TÍTULO
Título Termodinámica de los Procesos Irreversibles /
260 ## - PUBLICACIÓN, DISTRIBUCIÓN, ETC.
Lugar de publicación, distribución, etc. España :
Nombre de la editorial, distribuidor, etc. Alhambra ;
Fecha de publicación, distribución, etc. 1968.
300 ## - DESCRIPCIÓN FÍSICA
Nº de Páginas Extensión 268 páginas ;
Otros detalles físicos Fórmulas
Dimensiones 20cm
440 ## - MENCIÓN DE SERIE/PUNTO DE ACCESO ADICIONAL--TÍTULO
Título Colección Exedra - Ciencia Técnica Ingeniería
Número de la parte/sección de una obra 27
9 (RLIN) 19247
505 ## - NOTA DE CONTENIDO CON FORMATO
Nota de contenido formateada Contenido: Relaciones recíprocas de Onsager -- Sistemas de un solo componente -- Conducción térmica y eléctrica y fenómenos de relajación -- Sistemas discontinuos sin reacciones químicas Sistemas discontinuos con reacciones químicas...
650 ## - PUNTO DE ACCESO ADICIONAL DE MATERIA--TÉRMINO DE MATERIA
Descriptor Física
9 (RLIN) 2382
700 ## - PUNTO DE ACCESO ADICIONAL--NOMBRE DE PERSONA
Nombre Personal Aguilar Peris, José (traducción)
9 (RLIN) 19248
942 ## - ELEMENTOS DE PUNTO DE ACCESO ADICIONAL (KOHA)
Fuente de clasificación
Tipo de item Libros-BMC
945 ## - PROCESAMIENTO DE INFORMACIÓN LOCAL (OCLC)
Catalogador nom
Holdings
Estado de retiro (separado) Fuente de clasificación o esquema de estanterías Estado dañado Ubicación Sala donde se ubica Nombre de la colección Fecha de adquisición o compra Costo, precio normal en soles Signatura topográfica Código de Barras Última vez visto (Koha) Tipo de ítem (Koha)
No     Sala Ciencias Sala Ciencias Book Cart 2019-03-19 50.00 539 / G82 SC0000000197 2019-03-19 Libros-BMC

Powered by Koha